1529 1598 1840 1474 1219 1828 1711 1114 1682 1543 1991 1864 1015 1991 1920 1052 1527 1019 1974 1664 1663 1673 1385 1332 1291 1716 1214 1521 1542 1065 1705 1910 1768 1599 1421 1935 1755 1458 1394 1205 1665 1967 1501 1109 2000 1504 1292 1937 1342 1801 1799 1848 1343 1692 1095 1423 1819 1641 1879 1363 1924 1581 1280 1275 1052 1386 1813 1403 1540 1894 1993 1397 1708 1132 1787 1463 1361 1927 1561 1264 1278 1465 1884 1246 1964 1059 1457 1769 1494 1751 1396 1993 1257 1399 1120 1433 1313 1490 1766 BCNSPRNW ULIB Ver.6.0+V

เปลี่ยนเป็นภาษาไทย

Change to English
 แสดงรายละเอียดบรรณานุกรม
  กลับหน้าหลัก

Brief Record : Get Marc (ISO 2709) : E-mail record : QR code < ปิดหน้าต่าง
LEADER : 00000nam 2200000uu 4500
001    13399121600
003     ULIB
008    121126s||||||||th 000 0 tha d
020    ^a9789743429194
060 04 ^aWC503.2^bส253ก 2551
100 0  ^aสมนึก สังฆานุภาพ
245 10 ^aการดื้อยาต้านเอชไอวี :^bหลักการพื้นฐานและการใช้ทางคลินิก =HIV drug resistance : basic principles & clinical implications /^cสมนึก สังฆานุภาพ
246 30 ^aHIV drug resistance :^bbasic principles & clinicalimplications
250    ^aพิมพ์ครั้งที่ 1
260    ^aกรุงเทพฯ :^bหน่วยโรคติดเชื้อ ภาควิชาอายุรศาสตร์คณะแพทยศาสตร์โรงพยาบาลรามาธิบดี มหาวิทยาลัยมหิดล,^c2551
300    ^a[6], 232 หน้า :^bภาพประกอบ ;^c27 ซม.
650  2 ^aHIV
650  2 ^aResistance
650  7 ^aกลุ่มอาการภูมิคุ้มกันเสื่อม^xการรักษาด้วยยา^xผลไม่พึงประสงค์
650  7 ^aเอชไอวี, การติดเชื้อ^xการรักษา
650  7 ^aการดื้อยา
650  7 ^aสารต้านไวรัส^xผลไม่พึงประสงค์
650  7 ^aเอชไอวี, การติดเชื้อ^xการรักษาด้วยยา^xผลไม่พึงประสงค์
710 2  ^aมหาวิทยาลัยมหิดล. ^bคณะแพทยศาสตร์โรงพยาบาลรามาธิบดี.^bภาควิชาอายุรศาสตร์
945    ^p450^l0^i15694
945    ^p450^l0^i15695
995    ^aกัณชพร
999 ^a ใช้งานได้ทุกระบบ
รายการนี้ยังไม่มีแท็ก
คุณยังไม่ได้ล็อกอิน คุณสามารถมีกิจกรรมร่วมกับเว็บไซต์ได้ แต่ต้องล็อกอินก่อน ::
  ล็อกอิน

รายการสื่อสารสนเทศ

ลำดับที่ ประเภท เลขเรียก/บาร์โค้ด สถานที่ สถานะ
1. วิทยาศาสตร์การแพทย์ และสุขภาพ
วิทยาศาสตร์การแพทย์ และสุขภาพ
WC503.2 ส253ก 2551  
  Barcode: 15694
ห้องสมุดวิทยาเขตสวรรค์ประชารักษ์
►ส่วนจัดเก็บหนังสือเก่า สปร
บนชั้น
  ขอยืม
2. วิทยาศาสตร์การแพทย์ และสุขภาพ
วิทยาศาสตร์การแพทย์ และสุขภาพ
WC503.2 ส253ก 2551 ฉ.2 
  Barcode: 15695
ห้องสมุดวิทยาเขตสวรรค์ประชารักษ์
►ส่วนจัดเก็บหนังสือเก่า สปร
บนชั้น
  ขอยืม

รายการใกล้เคียง
    ผู้แต่ง [สมนึก สังฆานุภาพ]

    หัวเรื่อง [HIV]
    หัวเรื่อง [Resistance]
    หัวเรื่อง [การดื้อยา]

BibComment


ยังไม่เคยถูกคอมเมนท์

คอมเมนท์ทรัพยากรรายการนี้
  คอมเมนท์: การดื้อยาต้านเอช..


 Copyright 2026. Bcnsprnw @Library